000 00485cam a2200193ua 4500
001 6807
008 140219n ii |||gr||||Z||||||asm
040 _cMAIN
082 _a368
245 _aByabaharik bima bijnan
_cBy Pradeep Borah
250 _a4th ed.
260 _aGuwahati:
_bUniversity publication department,
_c1988.
300 _ax,281p.
653 _aInsurance
653 _aByabaharik bima bijnan
653 _aCommerce
700 _aBorah,Pradeep,
_eAuthor.
942 _cBK
999 _c5955
_d5955